Política indigenistas y neoindigenistas en el marco del neoliberalismo y la disputa por los derechos indígenas
Guardado en:
| Formato: | Libro |
|---|---|
| Lenguaje: | Spanish |
| Etiquetas: |
Agregar Etiqueta
Sin Etiquetas, Sea el primero en etiquetar este registro!
|
MARC
| LEADER | 00000nam a22000007a 4500 | ||
|---|---|---|---|
| 003 | cru CIDCACS/IIS | ||
| 005 | 20180119160621.0 | ||
| 007 | ta | ||
| 008 | 180119b2013 mx |||||r|||||||| ||spa|d | ||
| 999 | |c 40850 |d 40850 | ||
| 040 | |c cru CIDCACS/IIS | ||
| 245 | 1 | |a Política indigenistas y neoindigenistas en el marco del neoliberalismo y la disputa por los derechos indígenas | |
| 300 | |a páginas 17-22 | ||
| 773 | 0 | |0 40848 |9 1750 |a Sierra, María Teresa |d México: FLACSO ; CIESAS, 2013 |o 18428 |t Justicias indígenas y Estado: |z 9786079275105 | |
| 942 | |2 ddc |c LI | ||



